| 000 | 01229nam a2200265 i 4500 | ||
|---|---|---|---|
| 001 | 7310 | ||
| 003 | ES-MaACL | ||
| 005 | 20250514194754.0 | ||
| 007 | t| | ||
| 008 | 901119s1983 sp |||| | spa d | ||
| 080 | _a821.134.2 Jiménez Martos, Luis 1.06 | ||
| 100 | 1 |
_aJiménez Martos, Luis, _d1926-2003 _966562 |
|
| 245 | 1 | 0 |
_aReflexiones sobre mi poesía _b: conferencia pronunciada en la Escuela Universitaria de Formación del Profesorado de E.G.B. "Santa María" el dia 9 de marzo de 1983 / _cLuis Jiménez Martos. |
| 260 |
_aMadrid : _bEscuela Universitaria de Formación del Profesorado de E.G.B. "Santa María", Universidad Autónoma, _c1983. |
||
| 300 |
_a32 p. ; _c21 cm. |
||
| 490 | 1 |
_aCuaderno de literatura ; _v4 |
|
| 600 | 1 | 4 |
_aJiménez Martos, Luis, _d1926-2003 _966562 |
| 710 | 2 |
_aUniversidad Autónoma de Madrid. _bEscuela Universitaria de Formación del Profesorado de E.G.B. "Santa María" _9156765 |
|
| 830 | 0 |
_aCuaderno de literatura ; _v4 _9179363 |
|
| 852 |
_aES-MaACL _j1946-F-3 _zDonacion: Jacinto López Gorgé _97518 |
||
| 852 |
_aES-MaACL _j2128-F-25/Ej.1 _bR.106459 _987844 |
||
| 903 |
_aLópez Gorgé, Jacinto, _d1925-2008 _ednr _973685 |
||
| 942 | _2udc | ||
| 999 |
_c7310 _d7310 |
||